[Event "Kingston Invitational 3rd"]
[Site "Kingston upon Thames"]
[Date "2024.08.12"]
[Round "1.20"]
[White "Andal, Edmond"]
[Black "Dignam, Matthew P"]
[Result "0-1"]
[WhiteElo "1960"]
[BlackElo "2118"]
[PlyCount "92"]
[EventDate "2024.08.12"]
[EventType "swiss"]
[EventRounds "9"]
[EventCountry "ENG"]
[SourceTitle "BritBase"]
[Source "John Saunders"]
[SourceDate "2024.08.18"]
[SourceVersion "1"]
[SourceVersionDate "2024.08.18"]
[SourceQuality "1"]

1. Nf3 Nf6 2. d4 g6 3. c4 Bg7 4. Nc3 d6 5. e4 O-O 6. Be2 Nbd7 7. O-O e5 8. dxe5 dxe5 9. Qc2 c6 10. Rd1 Nh5 11. Be3 Qe7 12. Na4 f5 13. exf5 gxf5 14. Ng5 h6 15. Nh7 Kxh7 16. Bxh5 Kh8 17. f3 Qh4 18. Bg6 e4 19. f4 Qg4 20. Rd6 Nf6 21. Qd2 Qxg6 22. Bd4 Qf7 23. Rc1 Ng8 24. Bf2 Re8 25. Re1 Qxc4 26. b3 Qf7 27. Re3 Be6 28. Rg3 Nf6 29. Nc5 Bd5 30. Bd4 e3 31. Qc3 e2 32. Nd3 e1=Q+ 33. Nxe1 Re6 34. Rxe6 Qxe6 35. Nd3 Rg8 36. Rg6 Kh7 37. Ne5 Ne4 38. Qe3 Bf6 39. Rxg8 Qxg8 40. Bxa7 Bxe5 41. fxe5 Qg4 42. h3 Qd1+ 43. Kh2 Nd2 44. Qc5 Nf1+ 45. Kg1 Ng3+ 46. Kh2 Qh1+ 0-1

[Event "Kingston Invitational 3rd"]
[Site "Kingston upon Thames"]
[Date "2024.08.12"]
[Round "1.21"]
[White "Willmoth, Robert F"]
[Black "Young, Daniel J"]
[Result "1-0"]
[WhiteElo "2098"]
[BlackElo "1926"]
[PlyCount "95"]
[EventDate "2024.08.12"]
[EventType "swiss"]
[EventRounds "9"]
[EventCountry "ENG"]
[SourceTitle "BritBase"]
[Source "John Saunders"]
[SourceDate "2024.08.18"]
[SourceVersion "1"]
[SourceVersionDate "2024.08.18"]
[SourceQuality "1"]

1. d4 Nf6 2. Nf3 g6 3. Bg5 Bg7 4. c3 O-O 5. Nbd2 d6 6. e4 h6 7. Bh4 c5 8. dxc5 dxc5 9. Bc4 Nc6 10. Qe2 Nh5 11. Qe3 b6 12. O-O Qc7 13. Bg3 Nxg3 14. hxg3 e6 15. Rfe1 Na5 16. Bf1 e5 17. b4 cxb4 18. cxb4 Nc6 19. Rac1 Qd6 20. b5 Nd4 21. Nc4 Qe7 22. Ncxe5 Nxf3+ 23. Nxf3 Rd8 24. Bc4 Bb7 25. e5 Bd5 26. Nd4 Bxc4 27. Rxc4 Rd5 28. Qe4 Qd7 29. f4 Rd8 30. Nc6 Re8 31. Rd4 Rxd4 32. Qxd4 Qg4 33. Qe3 Bf8 34. Qf3 Bc5+ 35. Kh2 Qe6 36. g4 Qxa2 37. f5 Qf2 38. Qxf2 Bxf2 39. Re2 Bc5 40. Kg3 g5 41. Kf3 Kg7 42. Ra2 Ra8 43. Ke4 Kf8 44. Kd5 Ke8 45. e6 f6 46. Rxa7 Rxa7 47. Nxa7 Kd8 48. Kc6 1-0

[Event "Kingston Invitational 3rd"]
[Site "Kingston upon Thames"]
[Date "2024.08.13"]
[Round "2.1"]
[White "Dignam, Matthew P"]
[Black "Murphy, Conor E"]
[Result "0-1"]
[WhiteElo "2118"]
[BlackElo "2460"]
[PlyCount "62"]
[EventDate "2024.08.12"]
[EventType "swiss"]
[EventRounds "9"]
[EventCountry "ENG"]
[SourceTitle "BritBase"]
[Source "John Saunders"]
[SourceDate "2024.08.18"]
[SourceVersion "1"]
[SourceVersionDate "2024.08.18"]
[SourceQuality "1"]

1. Nf3 d5 2. g3 Nf6 3. Bg2 e6 4. O-O c5 5. d3 Nc6 6. Nbd2 Be7 7. e4 O-O 8. Re1 h6 9. h3 b5 10. e5 Nd7 11. c4 Qc7 12. cxd5 exd5 13. Nf1 Nb6 14. Bf4 Be6 15. N3h2 Qd7 16. Qh5 Bf5 17. Ne3 Bxd3 18. Nhg4 Bg6 19. Nxh6+ Kh7 20. Qd1 gxh6 21. Ng4 h5 22. Nf6+ Bxf6 23. exf6 Rfe8 24. Rxe8 Rxe8 25. Qc1 Nd4 26. Qxc5 Ne2+ 27. Kh1 Nxf4 28. gxf4 Re6 29. Rd1 Rxf6 30. Rd4 Rc6 31. Qa3 Rc4 0-1

[Event "Kingston Invitational 3rd"]
[Site "Kingston upon Thames"]
[Date "2024.08.13"]
[Round "2.2"]
[White "Czopor, Maciej"]
[Black "Willmoth, Robert F"]
[Result "1-0"]
[WhiteElo "2364"]
[BlackElo "2098"]
[PlyCount "105"]
[EventDate "2024.08.12"]
[EventType "swiss"]
[EventRounds "9"]
[EventCountry "ENG"]
[SourceTitle "BritBase"]
[Source "John Saunders"]
[SourceDate "2024.08.18"]
[SourceVersion "1"]
[SourceVersionDate "2024.08.18"]
[SourceQuality "1"]

1. e4 d6 2. d4 Nf6 3. Nc3 g6 4. Bf4 c6 5. Qd2 b5 6. e5 b4 7. exf6 bxc3 8. Qxc3 exf6 9. O-O-O Be6 10. Nf3 Be7 11. Bh6 d5 12. Ne1 Qb6 13. Nd3 Na6 14. a3 O-O-O 15. Be3 Kb8 16. Nc5 Nc7 17. Bf4 Ka8 18. a4 Bd6 19. Bxd6 Rxd6 20. Bd3 Bc8 21. Rhe1 Ne6 22. a5 Qc7 23. g3 f5 24. f4 Rdd8 25. Re5 Rhe8 26. Rde1 Qd6 27. b4 Bd7 28. Ba6 Nxc5 29. dxc5 Qf8 30. Kb2 Re6 31. Rxe6 Bxe6 32. Qd4 h5 33. Re3 Rb8 34. Kc3 Qe8 35. Kd3 Qd8 36. h4 Qc7 37. c3 Re8 38. Qe5 Qxe5 39. Rxe5 Kb8 40. b5 cxb5 41. Bxb5 Rd8 42. Kd4 Kc7 43. Re1 Rb8 44. Rb1 Bd7 45. Bd3 Re8 46. Rb2 f6 47. Re2 Be6 48. Bb5 Re7 49. Ba6 Kd8 50. c6 Kc7 51. Kc5 Re8 52. Bd3 Re7 53. Bb1 1-0

[Event "Kingston Invitational 3rd"]
[Site "Kingston upon Thames"]
[Date "2024.08.13"]
[Round "2.3"]
[White "Browning, Alex"]
[Black "Gurner, Jem"]
[Result "1-0"]
[WhiteElo "2267"]
[BlackElo "2070"]
[PlyCount "69"]
[EventDate "2024.08.12"]
[EventType "swiss"]
[EventRounds "9"]
[EventCountry "ENG"]
[SourceTitle "BritBase"]
[Source "John Saunders"]
[SourceDate "2024.08.18"]
[SourceVersion "1"]
[SourceVersionDate "2024.08.18"]
[SourceQuality "1"]

1. c4 Nf6 2. Nc3 g6 3. g3 Bg7 4. Bg2 O-O 5. Nf3 d6 6. O-O e5 7. d4 Nc6 8. dxe5 Nxe5 9. b3 Nxf3+ 10. Bxf3 Bh3 11. Re1 c6 12. Bg5 Qa5 13. Qd2 Rfe8 14. Red1 Qf5 15. Rac1 Re6 16. Qf4 h5 17. b4 a5 18. b5 Qc5 19. Nd5 Nh7 20. Bh4 g5 21. Bxg5 Nxg5 22. Qxg5 cxd5 23. cxd5 Qxb5 24. Qh4 Re5 25. Qxh3 Rae8 26. Bxh5 Rxd5 27. Bf3 Rxd1+ 28. Rxd1 Re6 29. Qg4 Qb4 30. Qf5 Qa4 31. Rc1 Qxa2 32. Bd5 Qxe2 33. Rc8+ Bf8 34. Qg5+ Kh7 35. Rxf8 1-0

[Event "Kingston Invitational 3rd"]
[Site "Kingston upon Thames"]
[Date "2024.08.13"]
[Round "2.4"]
[White "Wall, Gavin"]
[Black "Dicen, Elis Denele"]
[Result "1-0"]
[WhiteElo "2258"]
[BlackElo "2060"]
[PlyCount "113"]
[EventDate "2024.08.12"]
[EventType "swiss"]
[EventRounds "9"]
[EventCountry "ENG"]
[SourceTitle "BritBase"]
[Source "John Saunders"]
[SourceDate "2024.08.18"]
[SourceVersion "1"]
[SourceVersionDate "2024.08.18"]
[SourceQuality "1"]

1. e4 c5 2. Nf3 d6 3. Bb5+ Bd7 4. Bxd7+ Qxd7 5. O-O Nf6 6. Qe2 Nc6 7. Rd1 e6 8. d4 cxd4 9. Nxd4 Be7 10. c4 O-O 11. Nc3 Rac8 12. Be3 a6 13. Rac1 Nxd4 14. Bxd4 Qc6 15. b3 Rfd8 16. a4 e5 17. Ba7 Nd7 18. Nd5 Bf8 19. Rc3 Ra8 20. Be3 Nc5 21. Bxc5 dxc5 22. Rcd3 Rd6 23. Qh5 Re8 24. Rh3 Rh6 25. Qf5 Rxh3 26. Qxh3 Re6 27. Qc3 h6 28. f3 f6 29. Ne3 Rd6 30. Rd5 b6 31. Qd2 Kh7 32. Rxd6 Bxd6 33. Qd5 Qc7 34. Qa8 a5 35. Nd5 Qb8 36. Qc6 Qd8 37. g3 Bb8 38. Kf2 Kg6 39. h4 Qd6 40. Qe8+ Kh7 41. Ke2 Bc7 42. f4 Bd8 43. Kf3 Bc7 44. Kg4 Bd8 45. Kf5 Bc7 46. Ne7 Qd8 47. Qxd8 Bxd8 48. Nc6 exf4 49. gxf4 Bc7 50. e5 Kg8 51. Ke6 fxe5 52. fxe5 g5 53. hxg5 hxg5 54. Kd7 g4 55. e6 g3 56. e7 g2 57. e8=Q+ 1-0

[Event "Kingston Invitational 3rd"]
[Site "Kingston upon Thames"]
[Date "2024.08.13"]
[Round "2.5"]
[White "Patel, Zain"]
[Black "Villiers, Thomas"]
[Result "0-1"]
[WhiteElo "2035"]
[BlackElo "2195"]
[PlyCount "66"]
[EventDate "2024.08.12"]
[EventType "swiss"]
[EventRounds "9"]
[EventCountry "ENG"]
[SourceTitle "BritBase"]
[Source "John Saunders"]
[SourceDate "2024.08.18"]
[SourceVersion "1"]
[SourceVersionDate "2024.08.18"]
[SourceQuality "1"]

1. Nf3 d5 2. d4 Nf6 3. e3 c5 4. Nbd2 Nc6 5. Bb5 Qb6 6. Bxc6+ bxc6 7. O-O e6 8. dxc5 Bxc5 9. a3 a5 10. Rb1 O-O 11. b4 axb4 12. axb4 Be7 13. Bb2 Ba6 14. Re1 c5 15. bxc5 Qxc5 16. e4 Rfc8 17. exd5 Nxd5 18. c4 Bxc4 19. Bd4 Qa5 20. Nxc4 Rxc4 21. Ne5 Rcc8 22. Rb7 Rc7 23. Rxc7 Qxc7 24. Ng4 Rd8 25. Qa1 Bf8 26. Rc1 Qf4 27. Ne5 Ra8 28. Qb2 Ra2 29. Nd3 Qd2 30. Qb8 Rc2 31. Rb1 Qxd3 32. Bxg7 Rc8 33. Qb7 Kxg7 0-1

[Event "Kingston Invitational 3rd"]
[Site "Kingston upon Thames"]
[Date "2024.08.13"]
[Round "2.6"]
[White "Wilson, Ewan"]
[Black "Badacsonyi, Stanley"]
[Result "0-1"]
[WhiteElo "1983"]
[BlackElo "2179"]
[PlyCount "70"]
[EventDate "2024.08.12"]
[EventType "swiss"]
[EventRounds "9"]
[EventCountry "ENG"]
[SourceTitle "BritBase"]
[Source "John Saunders"]
[SourceDate "2024.08.18"]
[SourceVersion "1"]
[SourceVersionDate "2024.08.18"]
[SourceQuality "1"]

1. e4 e6 2. d4 d5 3. exd5 exd5 4. Nf3 Bd6 5. c4 Nf6 6. Nc3 O-O 7. cxd5 Nbd7 8. Bg5 Nb6 9. Be2 Be7 10. O-O Nfxd5 11. Bxe7 Nxe7 12. a4 a5 13. Bd3 Ned5 14. Ne5 Qg5 15. Ne4 Qh6 16. Qf3 Nf4 17. Bc2 Be6 18. Nc5 Bd5 19. Be4 Rad8 20. Ng4 Qg5 21. Bxd5 Nbxd5 22. Nxb7 Rb8 23. Nxa5 Rxb2 24. Nc6 h5 25. Nge5 f6 26. Nd7 Re8 27. Nc5 Rc2 28. g3 h4 29. Rfe1 Rxe1+ 30. Rxe1 Nh3+ 31. Kh1 Nxf2+ 32. Kg1 hxg3 33. hxg3 Nh3+ 34. Kh1 Nhf4 35. gxf4 Qh4+ 0-1

[Event "Kingston Invitational 3rd"]
[Site "Kingston upon Thames"]
[Date "2024.08.13"]
[Round "2.7"]
[White "Taylor, William J"]
[Black "Banerjee, Supratit"]
[Result "1/2-1/2"]
[WhiteElo "1967"]
[BlackElo "2156"]
[PlyCount "273"]
[EventDate "2024.08.12"]
[EventType "swiss"]
[EventRounds "9"]
[EventCountry "ENG"]
[SourceTitle "BritBase"]
[Source "John Saunders"]
[SourceDate "2024.08.18"]
[SourceVersion "1"]
[SourceVersionDate "2024.08.18"]
[SourceQuality "1"]

1. e4 c6 2. d4 d5 3. exd5 cxd5 4. Bd3 Nf6 5. h3 Nc6 6. c3 g6 7. Nf3 Bg7 8. O-O O-O 9. Bf4 Re8 10. Nbd2 Nh5 11. Bh2 Bh6 12. Re1 Nf4 13. Bf1 Bd7 14. Nb3 Ne6 15. Ne5 Nxe5 16. Rxe5 Nc7 17. Nc5 Bc6 18. f4 b6 19. Nd3 f6 20. Re1 e6 21. g4 Bg7 22. Re3 a5 23. Qe2 Qd7 24. Re1 Bb5 25. Qf2 Bxd3 26. Bxd3 f5 27. g5 b5 28. h4 b4 29. h5 bxc3 30. bxc3 Rab8 31. hxg6 hxg6 32. Kg2 Qc6 33. Rh3 a4 34. Re2 a3 35. Bg1 Kf7 36. Rc2 Nb5 37. Bxb5 Rxb5 38. c4 dxc4+ 39. Qf3 Qxf3+ 40. Rxf3 Rb2 41. Rfc3 Reb8 42. Kf3 Rxc2 43. Rxc2 Rb2 44. Rxc4 Rxa2 45. Rc7+ Kg8 46. Rc8+ Kh7 47. Ra8 Ra1 48. Bf2 a2 49. Kg2 Bf8 50. d5 exd5 51. Bd4 Rd1 52. Be5 Rd2+ 53. Kf3 Kg8 54. Ke3 Rc2 55. Kd3 Rg2 56. Kd4 Rc2 57. Kxd5 Kf7 58. Ra7+ Be7 59. Kd4 Ke8 60. Kd3 Rg2 61. Kc4 Rd2 62. Kc3 Re2 63. Kb3 Bxg5 64. Rxa2 Re3+ 65. Kc2 Re4 66. Ra8+ Kf7 67. Ra7+ Be7 68. Bd6 Re6 69. Ba3 Kf8 70. Ra8+ Kf7 71. Ra7 Ke8 72. Bxe7 Rxe7 73. Ra4 Kf7 74. Kd3 Kg7 75. Ra1 Re4 76. Rf1 Kf6 77. Rf2 Ra4 78. Ke3 Ra3+ 79. Ke2 Rg3 80. Rf3 Rg2+ 81. Rf2 Rg3 82. Rf3 Rg4 83. Rf1 Rh4 84. Kf3 Rh3+ 85. Kg2 Ra3 86. Rf2 Ke6 87. Re2+ Kf6 88. Rb2 Kg7 89. Rb8 Kf7 90. Rb6 Re3 91. Kf2 Ra3 92. Kg2 Re3 93. Kf2 Re8 94. Kf3 Kg7 95. Rb7+ Kh6 96. Rb1 Ra8 97. Rh1+ Kg7 98. Rb1 Ra2 99. Rc1 Ra3+ 100. Kg2 g5 101. fxg5 Kg6 102. Rf1 Kxg5 103. Rf3 Ra4 104. Rb3 Kf4 105. Kf2 Kg4 106. Rg3+ Kh4 107. Rb3 Rf4+ 108. Kg2 Rg4+ 109. Kf2 Rf4+ 110. Kg2 Kg5 111. Ra3 Rh4 112. Kf2 Rb4 113. Rc3 Kg4 114. Rg3+ Kf4 115. Rf3+ Ke5 116. Re3+ Kf4 117. Rf3+ Kg4 118. Rg3+ Kh4 119. Ra3 Rf4+ 120. Kg2 Rg4+ 121. Kf2 Rg8 122. Ra4+ Kg5 123. Kf3 Rb8 124. Ra3 Rh8 125. Kf2 Rh4 126. Rg3+ Kf6 127. Ra3 Rh2+ 128. Kg3 Rc2 129. Kf3 Kg5 130. Rb3 Rc5 131. Ra3 Rc8 132. Kf2 Rc2+ 133. Kf3 Rh2 134. Kg3 Rh7 135. Kf2 f4 136. Ra8 Rh2+ 137. Kf3 1/2-1/2

[Event "Kingston Invitational 3rd"]
[Site "Kingston upon Thames"]
[Date "2024.08.13"]
[Round "2.8"]
[White "Healey, Michael W"]
[Black "Zhao, George"]
[Result "1-0"]
[WhiteElo "2130"]
[BlackElo "2014"]
[PlyCount "97"]
[EventDate "2024.08.12"]
[EventType "swiss"]
[EventRounds "9"]
[EventCountry "ENG"]
[SourceTitle "BritBase"]
[Source "John Saunders"]
[SourceDate "2024.08.18"]
[SourceVersion "1"]
[SourceVersionDate "2024.08.18"]
[SourceQuality "1"]

1. e4 e6 2. d4 d5 3. e5 c5 4. c3 Nc6 5. Nf3 Bd7 6. Be2 f6 7. O-O fxe5 8. Nxe5 Nxe5 9. dxe5 Qc7 10. Bf4 Ne7 11. Na3 a6 12. Nc2 g6 13. Bg3 Bg7 14. f4 O-O 15. Qe1 Rf7 16. Rd1 Raf8 17. Ne3 Nf5 18. Bf2 Bh6 19. g3 Nxe3 20. Bxe3 b6 21. h4 Bg7 22. Kh2 Bc8 23. Qd2 Bb7 24. Bg4 Qc6 25. Bh3 Kh8 26. Qe2 Rd8 27. h5 gxh5 28. Qxh5 Rdf8 29. Qg4 Bc8 30. Bg2 Qa4 31. Qh3 Qxa2 32. Bc1 Qb1 33. g4 Qg6 34. Kg1 Rg8 35. Rf3 Bf8 36. g5 a5 37. Qh4 Ba6 38. Rh3 Qc2 39. Re1 Bd3 40. Rh2 Qa4 41. Bh3 Qd7 42. Bg4 c4 43. Be3 Qc6 44. f5 exf5 45. e6 Rfg7 46. g6 Qc7 47. Bd4 Qxh2+ 48. Qxh2 Bc5 49. Qxh7# 1-0

[Event "Kingston Invitational 3rd"]
[Site "Kingston upon Thames"]
[Date "2024.08.13"]
[Round "2.9"]
[White "Eames, Robert S"]
[Black "Larkin, Vladyslav"]
[Result "1-0"]
[WhiteElo "2145"]
[BlackElo "2471"]
[PlyCount "131"]
[EventDate "2024.08.12"]
[EventType "swiss"]
[EventRounds "9"]
[EventCountry "ENG"]
[SourceTitle "BritBase"]
[Source "John Saunders"]
[SourceDate "2024.08.18"]
[SourceVersion "1"]
[SourceVersionDate "2024.08.18"]
[SourceQuality "1"]

1. e4 c6 2. d4 d5 3. f3 Qb6 4. Nc3 dxe4 5. fxe4 e5 6. Nf3 exd4 7. Nxd4 h5 8. Be2 Bg4 9. Bxg4 hxg4 10. Nf5 Rxh2 11. Rxh2 Qg1+ 12. Ke2 Qxh2 13. Qf1 g6 14. Bf4 Qh5 15. Nd6+ Bxd6 16. Bxd6 Nd7 17. Qf4 O-O-O 18. Rd1 g5 19. Qg3 Re8 20. Kd2 f5 21. e5 f4 22. Qf2 Nxe5 23. Bxe5 Rxe5 24. Qxa7 Qe8 25. Kc1 Nf6 26. a4 Re1 27. Qa8+ Kc7 28. Nb5+ cxb5 29. Qa5+ b6 30. Qc3+ Qc6 31. Qxe1 Nd7 32. axb5 Qxb5 33. Qe7 f3 34. Qd6+ Kc8 35. gxf3 gxf3 36. Rd3 f2 37. Rc3+ Nc5 38. Qf8+ Kb7 39. Qxf2 Qb4 40. Qf7+ Kc6 41. Qe8+ Kb7 42. Qe7+ Kc6 43. Qxg5 Qe4 44. Qf6+ Kb5 45. Qf1+ Kb4 46. Ra3 Na4 47. Rb3+ Kc5 48. Qb5+ Kd6 49. Rd3+ Kc7 50. Qd7+ Kb8 51. Qd8+ Ka7 52. Qd4 Qh1+ 53. Rd1 Qh6+ 54. Qd2 Qh4 55. b4 Ka6 56. c4 b5 57. cxb5+ Kxb5 58. Qd7+ Kc4 59. Qd5+ Kc3 60. Rd3+ Kxb4 61. Rd4+ Qxd4 62. Qxd4+ Kb3 63. Qd5+ Kc3 64. Qa5+ Kb3 65. Qb5+ Ka3 66. Kc2 1-0

[Event "Kingston Invitational 3rd"]
[Site "Kingston upon Thames"]
[Date "2024.08.13"]
[Round "2.10"]
[White "Rushbrooke, Remy"]
[Black "Large, Peter G"]
[Result "1-0"]
[WhiteElo "2056"]
[BlackElo "2336"]
[PlyCount "61"]
[EventDate "2024.08.12"]
[EventType "swiss"]
[EventRounds "9"]
[EventCountry "ENG"]
[SourceTitle "BritBase"]
[Source "John Saunders"]
[SourceDate "2024.08.18"]
[SourceVersion "1"]
[SourceVersionDate "2024.08.18"]
[SourceQuality "1"]

1. Nf3 Nf6 2. g3 b6 3. Bg2 Bb7 4. O-O e6 5. c4 c5 6. Nc3 a6 7. d4 cxd4 8. Qxd4 Nc6 9. Qd3 d5 10. Rd1 Qc8 11. cxd5 Nb4 12. Qd4 Bc5 13. Qe5 O-O 14. Bh6 Ne8 15. Bh3 gxh6 16. dxe6 f6 17. Qh5 Ng7 18. Qxh6 Nxe6 19. a3 Nc2 20. Rac1 Bxf3 21. exf3 Ncd4 22. b4 Nxf3+ 23. Kg2 Nfg5 24. bxc5 Qc6+ 25. Nd5 bxc5 26. Kf1 Qb5+ 27. Kg1 Nd4 28. Bg4 Ne2+ 29. Bxe2 Qxe2 30. Nxf6+ Rxf6 31. Qxg5+ 1-0

[Event "Kingston Invitational 3rd"]
[Site "Kingston upon Thames"]
[Date "2024.08.13"]
[Round "2.11"]
[White "Clarke, Connor"]
[Black "Lim, Zhuo Ren"]
[Result "0-1"]
[WhiteElo "2048"]
[BlackElo "2278"]
[PlyCount "76"]
[EventDate "2024.08.12"]
[EventType "swiss"]
[EventRounds "9"]
[EventCountry "ENG"]
[SourceTitle "BritBase"]
[Source "John Saunders"]
[SourceDate "2024.08.18"]
[SourceVersion "1"]
[SourceVersionDate "2024.08.18"]
[SourceQuality "1"]

1. d4 Nf6 2. Nc3 d5 3. Bf4 a6 4. e3 e6 5. a3 c5 6. Nf3 Nbd7 7. Ne5 b5 8. dxc5 Bxc5 9. b4 Nxe5 10. bxc5 Nc6 11. Qd2 Qa5 12. Rb1 O-O 13. Bd6 Rd8 14. Rb3 Ne8 15. Bg3 d4 16. Ne4 dxe3 17. Qxa5 exf2+ 18. Kxf2 Nxa5 19. Rd3 Bb7 20. Nd6 Nxd6 21. Rxd6 Rdc8 22. Bd3 Rxc5 23. Rd7 Rcc8 24. Rf1 Bc6 25. Re7 Re8 26. Rc7 Rac8 27. Ra7 Bb7 28. a4 bxa4 29. Rb1 Bd5 30. Rxa6 Ra8 31. Bc7 Rxa6 32. Bxa6 Nc6 33. Bb5 a3 34. c4 Be4 35. Bxc6 Bxc6 36. Rb8 Rxb8 37. Bxb8 f6 38. Ba7 e5 0-1

[Event "Kingston Invitational 3rd"]
[Site "Kingston upon Thames"]
[Date "2024.08.13"]
[Round "2.12"]
[White "Payne, Matthew J"]
[Black "Hobson, Kenneth"]
[Result "0-1"]
[WhiteElo "2080"]
[BlackElo "2266"]
[PlyCount "72"]
[EventDate "2024.08.12"]
[EventType "swiss"]
[EventRounds "9"]
[EventCountry "ENG"]
[SourceTitle "BritBase"]
[Source "John Saunders"]
[SourceDate "2024.08.18"]
[SourceVersion "1"]
[SourceVersionDate "2024.08.18"]
[SourceQuality "1"]

1. e4 e5 2. Nf3 Nc6 3. Bc4 Nf6 4. d4 exd4 5. e5 d5 6. Bb5 Nd7 7. O-O Be7 8. Bxc6 bxc6 9. Nxd4 Nb8 10. Nc3 O-O 11. Qf3 a5 12. Bf4 Ra6 13. b3 c5 14. Ndb5 Be6 15. Rad1 d4 16. Ne4 Qd7 17. Qe2 Bf5 18. Na3 Re6 19. Ng3 Bg6 20. Nc4 Nc6 21. Qd2 a4 22. c3 axb3 23. axb3 Rb8 24. b4 Qd5 25. Ne3 Qb3 26. Nef5 dxc3 27. Qd7 c2 28. Rd5 h5 29. Nxe7+ Nxe7 30. Qxc7 Nxd5 31. Qxb8+ Kh7 32. Bd2 Qd3 33. Bg5 cxb4 34. Qc8 b3 35. Bc1 h4 36. Qd8 Ne7 0-1

[Event "Kingston Invitational 3rd"]
[Site "Kingston upon Thames"]
[Date "2024.08.13"]
[Round "2.13"]
[White "Venkataramanan, TS."]
[Black "Hasson, Peter"]
[Result "1-0"]
[WhiteElo "2225"]
[BlackElo "1984"]
[PlyCount "61"]
[EventDate "2024.08.12"]
[EventType "swiss"]
[EventRounds "9"]
[EventCountry "ENG"]
[SourceTitle "BritBase"]
[Source "John Saunders"]
[SourceDate "2024.08.18"]
[SourceVersion "1"]
[SourceVersionDate "2024.08.18"]
[SourceQuality "1"]

1. e4 d6 2. d4 Nf6 3. Nc3 g6 4. f3 a6 5. Be3 b5 6. Qd2 Nbd7 7. O-O-O Bb7 8. h4 h5 9. Nh3 c6 10. Kb1 Qc7 11. Ng5 Bg7 12. f4 b4 13. Ne2 c5 14. e5 Ne4 15. Nxe4 Bxe4 16. Ng3 cxd4 17. Bxd4 dxe5 18. fxe5 Qc6 19. Nxe4 Qxe4 20. e6 Nf6 21. exf7+ Kxf7 22. Bc4+ Kf8 23. Rhe1 Qb7 24. Bc5 Re8 25. Rxe7 Rxe7 26. Qd8+ Ne8 27. Rf1+ Bf6 28. Rxf6+ Kg7 29. Bxe7 Qe4 30. Rf7+ Kh6 31. Bg5# 1-0

[Event "Kingston Invitational 3rd"]
[Site "Kingston upon Thames"]
[Date "2024.08.13"]
[Round "2.14"]
[White "Buckley, Graeme N"]
[Black "Walker, Samuel A"]
[Result "1/2-1/2"]
[WhiteElo "2293"]
[BlackElo "2032"]
[PlyCount "170"]
[EventDate "2024.08.12"]
[EventType "swiss"]
[EventRounds "9"]
[EventCountry "ENG"]
[SourceTitle "BritBase"]
[Source "John Saunders"]
[SourceDate "2024.08.18"]
[SourceVersion "1"]
[SourceVersionDate "2024.08.18"]
[SourceQuality "1"]

1. e4 c5 2. Nf3 Nc6 3. Bb5 e5 4. O-O Bd6 5. c3 a6 6. Ba4 b5 7. Bc2 Be7 8. d4 d6 9. Nbd2 cxd4 10. cxd4 Bg4 11. h3 Bh5 12. Nb3 Rc8 13. Be3 exd4 14. Nbxd4 Nxd4 15. Bxd4 Bxf3 16. gxf3 Bf6 17. Be3 Bxb2 18. Rb1 Qf6 19. f4 Bc3 20. Kh2 Ne7 21. Rg1 Ng6 22. Qg4 Rc4 23. Bb3 h5 24. Qf3 Ne5 25. Qd1 Rxe4 26. fxe5 Bxe5+ 27. Kg2 Qg6+ 28. Kf1 Qf5 29. Ke2 O-O 30. Bc2 d5 31. Bxe4 dxe4 32. Qd5 Qf3+ 33. Kd2 Bf4 34. Qd4 Qxf2+ 35. Kc3 Qxe3+ 36. Qxe3 Bxe3 37. Rge1 Rc8+ 38. Kb3 Bd2 39. Rxe4 Rc3+ 40. Kb2 Rxh3 41. Re8+ Kh7 42. Ra8 a5 43. Rf1 f6 44. Rf5 Bc3+ 45. Kc2 b4 46. Kb3 Be5+ 47. Kc4 Ra3 48. Rxh5+ Kg6 49. Rh1 Rxa2 50. Rg1+ Kh7 51. Kd5 Bf4 52. Ke6 Bh6 53. Kf7 Rc2 54. Rxa5 Rc7+ 55. Ke6 Rb7 56. Ra2 Rb6+ 57. Kf7 f5 58. Rb2 b3 59. Rgb1 Rf6+ 60. Ke7 f4 61. Rxb3 f3 62. Rf1 Bg5 63. Kd7 f2 64. Rg3 Bd2 65. Ke7 Be1 66. Rg2 Rf5 67. Rh1+ Kg8 68. Rf1 Re5+ 69. Kd6 Re2 70. Rg3 Ba5 71. Kc5 Rb2 72. Kd4 Bb6+ 73. Ke4 Re2+ 74. Kf3 Re1 75. Kg2 Re6 76. Rxf2 Bxf2 77. Kxf2 Kf7 78. Ra3 Re4 79. Kf3 Rb4 80. Ra6 g6 81. Kg3 Kg7 82. Ra5 Kh6 83. Rc5 g5 84. Rc8 Rb3+ 85. Kg4 Rb4+ 1/2-1/2

[Event "Kingston Invitational 3rd"]
[Site "Kingston upon Thames"]
[Date "2024.08.13"]
[Round "2.15"]
[White "Verma, Shlok"]
[Black "Bezuidenhout, Roland"]
[Result "0-1"]
[WhiteElo "2060"]
[BlackElo "2270"]
[PlyCount "72"]
[EventDate "2024.08.12"]
[EventType "swiss"]
[EventRounds "9"]
[EventCountry "ENG"]
[SourceTitle "BritBase"]
[Source "John Saunders"]
[SourceDate "2024.08.18"]
[SourceVersion "1"]
[SourceVersionDate "2024.08.18"]
[SourceQuality "1"]

1. d4 Nf6 2. c4 e6 3. Nf3 c5 4. d5 exd5 5. cxd5 d6 6. Nc3 g6 7. Bf4 a6 8. a4 Bg7 9. h3 O-O 10. e3 Ne8 11. Be2 Nd7 12. O-O Ne5 13. Nd2 b6 14. Qc2 Rb8 15. Bg3 f5 16. Rad1 Nc7 17. f4 Nf7 18. Bf3 b5 19. Rfe1 Bd7 20. axb5 axb5 21. Ra1 Re8 22. Bf2 Qc8 23. e4 Na6 24. Ne2 c4 25. Bd4 Bxd4+ 26. Nxd4 Nb4 27. Qc3 Nd3 28. Rf1 Nxf4 29. Bd1 b4 30. Qg3 Qc5 31. N2f3 Rxe4 32. Kh2 Nxd5 33. Bc2 Ne3 34. Rfd1 Nxd1 35. Rxd1 Re3 36. Qf4 Rbe8 0-1

[Event "Kingston Invitational 3rd"]
[Site "Kingston upon Thames"]
[Date "2024.08.13"]
[Round "2.16"]
[White "Bharat Kumar, Balahari"]
[Black "Gallagher, Daniel GH"]
[Result "0-1"]
[WhiteElo "2031"]
[BlackElo "2253"]
[PlyCount "70"]
[EventDate "2024.08.12"]
[EventType "swiss"]
[EventRounds "9"]
[EventCountry "ENG"]
[SourceTitle "BritBase"]
[Source "John Saunders"]
[SourceDate "2024.08.18"]
[SourceVersion "1"]
[SourceVersionDate "2024.08.18"]
[SourceQuality "1"]

1. d4 Nf6 2. c4 g6 3. Nc3 Bg7 4. e4 d6 5. Be2 O-O 6. Be3 Nc6 7. d5 Ne5 8. f4 Neg4 9. Bd2 Nh6 10. h3 e6 11. dxe6 fxe6 12. g4 Nd7 13. Nf3 Nc5 14. Qc2 a5 15. O-O-O c6 16. Be3 b6 17. Rdg1 Nf7 18. g5 a4 19. Nd2 a3 20. b3 Na6 21. Ndb1 d5 22. e5 Nb4 23. Qd2 c5 24. Bf3 Nxe5 25. fxe5 Rxf3 26. Qe2 Rf5 27. Rd1 Bxe5 28. Qg2 Bb7 29. Rhf1 Rxf1 30. Rxf1 Qe7 31. cxd5 exd5 32. Qe2 Ba6 33. Nb5 Bd4 34. Rf3 Bxb5 35. Qxb5 Bxe3+ 0-1